000 01070nam a2200289 a 4500
001 000011753
003 DO-SdBNP
005 20250213082607.0
008 091027s2003 dr 000 p spa d
020 _a9993486744
040 _aDO-SdBNP
_bspa
_cBNPHU
082 _aRD863.44
_bA662r
100 1 _aArango, Gustavo,
_d1964-
_927813
245 1 3 _aLa risa del muerto /
_cGustavo Arango ; prólogo Miguel Aníbal Perdomo.
260 _aSanto Domingo :
_bSecretaría de Estado de Cultura:
_bNacional,
_c2003.
300 _a247 p. ;
_c17 cm.
490 1 _aLiteraria los premios
586 _aPremio intenacional de novela Marcio Véloz Maggiolo, Casa de Cultura Dominicana en New York, 2002
590 _aInventariado, 2020/MFF
650 0 _aNovela dominicana
_9223
650 0 _aLiteratura dominicana.
_967
700 1 _aPerdomo, Miguel Aníbal,
_d1949-
_epról.
_96428
710 1 _aRepública Dominicana.
_b Secretaría de Estado de Cultura.
_96453
830 0 _aLiteraria los premios
_926892
910 _aValidado. Control de calidad MMOLINA
942 _2ddc
_cLBS1
999 _c11428
_d11428